000 00284nam a22001337a 4500
008 181126b xxu||||| |||| 00| 0 eng d
020 _a2900321241800
041 _aeng
080 _a573
100 _a11
101 _aBIO
245 _aMicrobiology
_cBauman.R.W
942 _2udc
_cBK
999 _c52492
_d52492